| 000 | 00376nam a22001217a 4500 | ||
|---|---|---|---|
| 082 |
_a307.7609598 _bMBO |
||
| 245 |
_aUrban research in Indonacia its evaluation and its future _bUrban research in the developing world. _cNafsiah Mobi |
||
| 260 |
_aCario _bWorld Bank |
||
| 300 | _a97 p. | ||
| 526 |
_a0 _b0 _c0 _d307_760959800000000_MBO |
||
| 650 |
_aNUST _96342 |
||
| 942 |
_2ddc _cBK |
||
| 999 |
_c542465 _d542465 |
||